Report on progress in manchuria 1907-1928
Gardado en:
| Formato: | Libro |
|---|---|
| Idioma: | Undetermined |
| Publicado: |
Dairen
South Manchuria Railway
1929
|
| Những chủ đề: | |
| Các nhãn: |
Engadir etiqueta
Sen Etiquetas, Sexa o primeiro en etiquetar este rexistro!
|
| Thư viện lưu trữ: | Trung tâm Học liệu Trường Đại học Cần Thơ |
|---|
| LEADER | 00423nam a2200157Ia 4500 | ||
|---|---|---|---|
| 001 | CTU_107038 | ||
| 008 | 210402s9999 xx 000 0 und d | ||
| 082 | |a 951.03 | ||
| 082 | |b R425 | ||
| 245 | 0 | |a Report on progress in manchuria 1907-1928 | |
| 260 | |a Dairen | ||
| 260 | |b South Manchuria Railway | ||
| 260 | |c 1929 | ||
| 650 | |a Manchuria | ||
| 904 | |i Tuyến | ||
| 980 | |a Trung tâm Học liệu Trường Đại học Cần Thơ | ||